000130632 001__ 130632
000130632 005__ 20241029081548.0
000130632 020__ $$a978-84-1954-443-8
000130632 037__ $$aBOOK-2024-041
000130632 041__ $$aspa
000130632 100__ $$aVal Blasco, Sonia$$b
000130632 245__ $$aCompetencias digitales para implementar objetivos ODS y mejorar habilidades socioemocionales en la práctica docente
000130632 260__ $$aMadrid$$bAula Magna$$c2023
000130632 300__ $$a33-50
000130632 540__ $$9info:eu-repo/semantics/openAccess
000130632 773__ $$tODS y educación socioemocional en la era digital
000130632 8560_ $$fagroca@unizar.es
000130632 8564_ $$s7636991$$uhttps://zaguan.unizar.es/record/130632/files/BOOK-2024-041.pdf$$ySin acceso$$zAcceso restringido
000130632 909CO $$ooai:zaguan.unizar.es:130632$$pbooks
000130632 980__ $$aBOOK$$bCAPITULOS$$b